000 00797nam a2200193 a 4500
001 000375967
003 AM-YeHGA
005 20250618072306.0
008 041101s1938 ai 000 | arm d
040 _aAM-YeHGA
041 1 _aarm
_hrus
245 1 0 _aՔսանամյան :
_b(Ժամանակակից բալլադ) /
_cՍ. Մարշակ; Ռուս. փոխադր.՝ Հ. Պողոսյան; Նկ.՝ Գ. Բրուտյան.
260 _aՅերևան :
_bՊետհրատ,
_c1938.
300 _a16 էջ :
_bնկ. ;
_c18 սմ.
650 1 4 _aՌուս մանկական գրականություն
_xՊոեզիա
700 1 _aՊողոսյան, Հռիփսիմե Միսակի,
_d1899-1972
_eփոխադր.
_4trl
_91962
700 1 _aԲրուտյան, Գևորգ Արշակի,
_d1888-1952
_eնկ.
_4art
090 _c145040
999 _c143659
_d143659